000 00694cam a2200265 4500500
005 20260405003041.0
041 _afre
042 _adc
100 1 0 _aRontard, Yseult
_eauthor
245 0 0 _aCœur de chien
260 _c2020.
500 _a68
690 _aAnimal
690 _aAnimalité
690 _aBoulgakov
690 _aChien
690 _aHumanité
690 _aManipulation
690 _aRussie
690 _aScience
690 _aTotalitarisme
690 _aURSS
786 0 _nPhilosophie magazine | 139 | 6 | 2020-06-01 | p. 51-51 | 1951-1787
856 4 1 _uhttps://shs.cairn.info/magazine-philosophie-magazine-2020-6-page-51?lang=fr&redirect-ssocas=7080
999 _c2063940
_d2063940